书目信息 |
| 题名: |
DSL与宽带网络技术
|
|
| 作者: | 张瀚峰 编著 | |
| 分册: | ||
| 出版信息: | 北京 北京航空航天大学出版社 2002.03 |
|
| 页数: | 256页 | |
| 开本: | 26cm | |
| 丛书名: | ||
| 单 册: | ||
| 中图分类: | TN915.61 | |
| 科图分类: | ||
| 主题词: | 有线电通信 | |
| 电子资源: | ||
| ISBN: | 7-81077-148-5 | |
| 000 | 00577nam0 2200193 45 | |
| 001 | 0459146089 | |
| 005 | 2004052516254574 | |
| 010 | @a7-81077-148-5@dCNY 26.00 | |
| 100 | @a20040525d2002 km y0chiy0120 ea | |
| 101 | 0 | @achi |
| 102 | @aCN@b110000 | |
| 200 | 1 | @aDSL与宽带网络技术@ADSL Yu Kuan Dai Wang Luo Ji Shu@f张瀚峰等编著@FZhang Han Feng Deng Bian Zhu |
| 210 | @a北京@c北京航空航天大学出版社@d2002.03 | |
| 215 | @a256页@d26cm | |
| 606 | 0 | @a有线电通信 |
| 690 | @aTN915.61@v3 | |
| 701 | 0 | @a张瀚峰@AZhang Han Feng@4编著 |
| 801 | 0 | @aCN@bPFT@c20040525 |
| 905 | @dTN915.61@eZ111 | |
| DSL与宽带网络技术/张瀚峰等编著.-北京:北京航空航天大学出版社,2002.03 |
| 256页;26cm |
| ISBN 7-81077-148-5:CNY 26.00 |
| ● |
| 相关链接 |
|
|
|
正题名:DSL与宽带网络技术
索取号:TN915.61/Z111
 
预约/预借
| 序号 | 登录号 | 条形码 | 馆藏地/架位号 | 状态 | 备注 |
| 1 | 383694 | 203836947 | 自科库301/301自科库 998排4列2层/ [索取号:TN915.61/Z111] | 在馆 | |
| 2 | 383695 | 203836956 | 自科库301/404自科库 18排3列2层/ [索取号:TN915.61/Z111] | 在馆 | |
| 3 | 383696 | 203836965 | 自科库301/301自科库 998排4列2层/ [索取号:TN915.61/Z111] | 在馆 |